| 000 | 00780nas a2200277 4500 | ||
|---|---|---|---|
| 001 | BR7306996 | ||
| 003 | BR-BrBNA | ||
| 005 | 20231205095454.0 | ||
| 007 | ta | ||
| 008 | 230509b bl.|||p| |||| 00| 00por d | ||
| 040 |
_aBR-BrBNA _bpor _cBiblioteca Nacional de Agricultura |
||
| 041 | _a(Pt) | ||
| 072 | _aF01; F62 | ||
| 100 | 1 | _aSouza, M. de | |
| 100 | 1 | _aAndrade, A. da C. | |
| 100 | 1 | _aRamalho, M.A.P. | |
| 245 | 1 | _aEfeito da poda das raizes no vingamento e crescimento de limoeiro cravo (Citrus limonia Osbeck) | |
| 650 | _aLimao Cravo | ||
| 650 | _aMuda | ||
| 650 | _aPorta Enxerto | ||
| 650 | _aRaiz | ||
| 650 | _aPoda | ||
| 773 | 0 |
_tAGROS (Brazil) _x _g(1972), v. 2(1) p. 10-18 _wBR7306996 |
|
| 909 |
_a202311 _bLúcia _c55 _dLúcia Elande |
||
| 942 |
_2AGRIS _n0 _cANA |
||
| 999 |
_c150892 _d150892 |
||